| 000 | 00844cam a22002651 4500 | ||
|---|---|---|---|
| 001 | 7964290 | ||
| 003 | OSt | ||
| 005 | 20230704112758.0 | ||
| 008 | 750521s1961 xx 000 0 eng | ||
| 010 | _a 61014011 | ||
| 035 | _a(OCoLC)1348138 | ||
| 040 |
_aDLC _cFM _dDLC |
||
| 042 | _apremarc | ||
| 050 | 0 | 0 |
_aJX1977 _b.C482 |
| 082 | _a341.1309 | ||
| 100 | 1 |
_aChamberlin, Waldo, _d1905- |
|
| 245 | 0 | 2 |
_aA chronology and fact book of the United Nations,1941-1976 _c[by] Waldo Chamberlin [and] Thomas Hovet. With a pref. by Andrew W. Cordier. |
| 260 |
_aNew York, _bOceana Publications, _c1961. |
||
| 300 |
_a64 p. _c23 cm. |
||
| 440 | 4 | _aThe Oceana library on the United Nations | |
| 610 | 2 | 0 |
_aUnited Nations _xHistory. |
| 700 | 1 |
_aHovet, Thomas _ejoint author. |
|
| 906 |
_a7 _bcbc _coclcrpl _du _encip _f19 _gy-gencatlg |
||
| 942 |
_2ddc _cBK |
||
| 999 |
_c3739 _d3739 |
||